Statistiques concernant Culture Générale - Série 227

Cliquez ici pour prendre le quiz!

Statistiques générales

  • Ce quiz a été pris 183 fois
  • Le résultat moyen est 6 sur 10

Statistiques - réponses

QuestionRéponse% Correct
Au hockey sur glace, combien y a-t-il de joueurs par équipe ?6
96%
Dans quel pays se trouve le Péloponnèse ?La Grèce
94%
Dans quel pays se situe le circuit automobile du Nürburgring ?L'Allemagne
85%
Quelle reine de France Kirsten Dunst incarne-t-elle à l'écran en 2006 ?Marie-Antoinette
81%
Quel humoriste s'est fait connaître avec "C'est l'histoire d'un mec" ?Coluche
80%
En 1994, qui est l'interprète de "Je t'aimais, je t'aime et je t'aimerai" ?Francis Cabrel
76%
Qui est l'auteur de la pièce "Les Fausses Confidences" en 1737 ?Marivaux
34%
Chez les Guignols, à qui est associée la phrase : "On m'aurait menti" ?Richard Virenque
32%
Dans la série de livres pour enfants, qui est le chat de Martine ?Moustache
6%
Quel nom porte le canard détective privé dessiné par Benoît Sokal ?Canardo
5%

Distribution des résultats

Percentile par nombre de réponses

% des personnes avec chaque résultat

Votre développement - résultats

Vous n’avez pas pris ce quiz